000 01146nam a2200361 i 4500
001 36000
003 KOSZ 005
005 20220609135532.0
008 991010s1999 pl f |000 0 pol d
020 _a830901662X
040 _cKOSZ 005
_aKOSZ 005
_dKOSZ 005/HR
046 _k1999
080 _a664
080 _a681.12
080 _a(075.8)
100 1 _aDomagała, Alojzy
_eAutor
245 1 0 _aMetodyka pomiarów w inżynierii przemysłu spożywczego /
_cAlojzy Domagała.
260 _aPoznań :
_bPaństwowe Wydawnictwo Rolnicze i Leśne,
_c1996.
300 _a259 s. :
_brys., wykr. ;
_c24 cm.
380 _aKsiążki
388 _a1901-2000
388 _a1989-2000
504 _aBibliogr. s. 257-259.
650 7 _aPrzemysł rolno-spożywczy
650 7 _aTechnologia żywności
650 7 _aPomiary
650 7 _aPrzyrządy pomiarowe
655 7 _aPodręczniki akademickie
658 _aInżynieria i technika
658 _aRolnictwo i leśnictwo
856 _uhttp://koha.tu.koszalin.pl/cgi-bin/koha/opac-detail.pl?biblionumber=36000
_yKatalog online BPK
942 _cKS
_2UKD
999 _c36000
_d36000